| 000 | 00668cam a2200229 4500 | ||
|---|---|---|---|
| 001 | ABS63507 | ||
| 008 | 000000n2001 000 0 eng u | ||
| 035 | _a(Sirsi) u110736 | ||
| 245 | _aFocus 2001: Cambridgeshire | ||
| 260 | _c2001 | ||
| 490 |
_aEstates Gazette _v(0103) 20 January 2001, 71-99(13) |
||
| 590 | _aABS | ||
| 650 | _aCAMBRIDGE | ||
| 650 | _aCAMBRIDGESHIRE | ||
| 650 | _aHUNTINGDON | ||
| 650 | _aINDUSTRIAL MARKET | ||
| 650 | _aPROPERTY-COMMERCIAL PROPERTY-OFFICE PROPERTY-OFFICE PROPERTY MARKET | ||
| 650 | _aPETERBOROUGH | ||
| 650 | _aRESIDENTIAL MARKET | ||
| 690 | _aPROPERTY-COMMERCIAL PROPERTY-COMMERCIAL PROPERTY MARKET | ||
| 942 | _n0 | ||
| 999 |
_c66002 _d66002 |
||